El lid, fórmula inicial de la noticia /

Texto de apoyo para la comprensión y la práctica del lid, nombre con el que se designa al párrafo inicial de una noticia. Su ubicación no debe ser casual, pues esl lid ha de contener la sustancia de la noticia, sus elementos informativos más importantes, y dirigir la atención del lector hacia esos p...

Celý popis

Uloženo v:
Podrobná bibliografie
Další autoři: Secanella, Petra María (autor) (autor)
Médium: Kniha
Jazyk:španělština
Vydáno: Barcelona, España : Editorial ATE, 1980, c1980
Edice:(Textos de Periodismo)
Témata:
Tagy: Přidat tag
Žádné tagy, Buďte první, kdo vytvoří štítek k tomuto záznamu!

MARC

LEADER 00000nam^a2200000^a^4500
001 000000470
005 20250521000000.0
009 20260310083028.193
020 |a 84-7442-213-2 
037 |a Acervo ITESO - Biblioteca 
041 |a ESP 
082 |a 302. 231  |b TEX V. 1 
240 1 1 |a [Textos de periodismo] 
245 0 3 |a El lid, fórmula inicial de la noticia /  |c P.M. Secanella. 
264 4 |a Barcelona, España :  |b Editorial ATE,  |c 1980, c1980 
300 |a 128 p. 
336 |a texto  |b txt  |2 rdacontenido 
337 |a sin mediación  |b n  |2 rdamedio 
338 |a volumen  |b nc  |2 rdasoporte 
440 1 |a (Textos de Periodismo) 
520 |a Texto de apoyo para la comprensión y la práctica del lid, nombre con el que se designa al párrafo inicial de una noticia. Su ubicación no debe ser casual, pues esl lid ha de contener la sustancia de la noticia, sus elementos informativos más importantes, y dirigir la atención del lector hacia esos puntos esenciales. 
649 |a XX 
650 |a Noticia 
650 |a Géneros Periodísticos 
650 |a Periodismo 
650 |a Prensa 
650 |a Medios Impresos 
650 |a Medios de Comunicación 
650 |a Comunicación Masiva 
700 |a Secanella, Petra María  |e (autor) 
910 |a Fondo General 
920 |a Impresos - Libros 
930 |a Colección General 
905 |a 101 
901 |a 0004700100  |b IT1  |c ACC  |i 000470  |u 20250521 
902 |a https://opac.biblio.iteso.mx/vufind/Record/000000470